[Event "Montreal Mercredi 01"]
[Site "Montreal"]
[Date "2008.01.09"]
[Round "1"]
[White "Gauthier, Martin"]
[Black "Chesnut, Walter"]
[Result "0-1"]
[WhiteElo "1364"]
[BlackElo "1452"]
[PlyCount "85"]
[EventDate "2008.01.09"]
[EventType "tourn"]
[EventRounds "5"]
[EventCountry "CAN"]
[SourceTitle "EXT 2011"]
[Source "ChessBase"]
[SourceDate "2010.11.26"]
[SourceVersion "1"]
[SourceVersionDate "2010.11.26"]
[SourceQuality "1"]

1. d4 Nf6 2. c4 e6 3. Nc3 Bb4 4. a3 Bxc3+ 5. bxc3 0-0 6. Bg5 d6 7. e3 b6 8. Qf3 d5 9. cxd5 Qxd5 10. Qg3 Ne4 11. Qxc7 Qxg5 12. Nf3 Qa5 13. Rc1 Qxa3 14. Rc2 Qa1+ 15. Ke2 Ba6+ 16. c4 Rc8 17. Qe7 Nc6 18. Qh4 Nc3+ 19. Kd2 Nb1+ 20. Kd1 Na3+ 21. Rc1 Qb2 22. Nd2 Na5 23. Bd3 Nb3 24. Qxh7+ Kf8 25. Nxb3 Qxb3+ 26. Ke2 Bxc4 27. Bxc4 Nxc4 28. Rc2 Nd6 29. Rhc1 Rxc2+ 30. Rxc2 Qb5+ 31. Ke1 Ne8 32. Qh8+ Ke7 33. Qh4+ f6 34. e4 Qb4+ 35. Ke2 Qxd4 36. Rd2 Qc4+ 37. Ke3 Nd6 38. Qf4 Rd8 39. f3 Qc5+ 40. Ke2 Qb5+ 41. Ke1 Qb4 42. Ke2 Rd7 43. e5 0-1